| 000 | 00579nam a2200133Ia 4500 | ||
|---|---|---|---|
| 008 | 171207s9999 xx 000 0 und d | ||
| 100 | _aYing, Tianyu | ||
| 245 | _aPersonality Effects on the Social Network Structure of Boundary-Spanning Personnel in the Tourism Industry | ||
| 245 | _cTianyu Ying, William C. Norman | ||
| 260 | _c2017 | ||
| 300 | _apages 515-38, June 2017 | ||
| 440 |
_aJournal of Hospitality & Tourism Research _v41:5 |
||
| 650 | _aTOURISM BUSINESS NETWORK, SOCIAL NETWORK, BOUNDARY-SPANNING PERSONNEL, PERSONALITY, NETWORK HETEROGENEITY, NETWORK TIE STRENGTH | ||
| 999 |
_c347599 _d347599 |
||